পালি প্রকাশিকা / (Record no. 79576)
[ view plain ]
| 000 -LEADER | |
|---|---|
| fixed length control field | 00785nam a2200217 a 4500 |
| 001 - CONTROL NUMBER | |
| control field | 79576 |
| 003 - CONTROL NUMBER IDENTIFIER | |
| rucl marc code | BD-RjUL |
| 005 - DATE AND TIME OF LATEST TRANSACTION | |
| control field | 20220320110609.0 |
| 008 - FIXED-LENGTH DATA ELEMENTS--GENERAL INFORMATION | |
| fixed length control field | 220320s1985 bg ||||| |||| 00| 0 ben d |
| 035 ## - SYSTEM CONTROL NUMBER | |
| System control number | (BD-RjUL)79576 |
| 040 ## - CATALOGING SOURCE | |
| Original cataloging agency | BD-RjUL |
| Language of cataloging | eng |
| Transcribing agency | BD-RjUL |
| 041 ## - LANGUAGE CODE | |
| Language code of text/sound track or separate title | ben |
| 082 ## - DEWEY DECIMAL CLASSIFICATION NUMBER | |
| Edition number | 23 |
| Classification number | 491.375 |
| Author mark and year | BAP 1985 |
| 100 ## - MAIN ENTRY--PERSONAL NAME | |
| Personal name | বড়ুয়া, প্রমোদ রঞ্জন |
| 9 (RLIN) | 1910 |
| 245 ## - TITLE STATEMENT | |
| Title | পালি প্রকাশিকা / |
| Statement of responsibility, etc. | প্রমোদ রঞ্জন বড়ুয়া |
| 260 ## - PUBLICATION, DISTRIBUTION, ETC. (IMPRINT) | |
| Place of publication, distribution, etc. | ঢাকা : |
| Name of publisher, distributor, etc. | বাংলা একাডেমী, |
| Date of publication, distribution, etc. | ১৯৮৫ |
| 300 ## - PHYSICAL DESCRIPTION | |
| Pagination | ১৯৫ পৃ.; |
| Size | ২১ সেমি. |
| 650 ## - SUBJECT ADDED ENTRY--TOPICAL TERM | |
| Topical term or geographic name as entry element | পালি ভাষা |
| Form subdivision | ব্যাকরণ |
| 9 (RLIN) | 1911 |
| Topical term or geographic name as entry element | Pali language |
| Form subdivision | Grammar |
| 9 (RLIN) | 1912 |
| 942 ## - ADDED ENTRY ELEMENTS (KOHA) | |
| Source of classification or shelving scheme | Dewey Decimal Classification |
| Koha item type | Books |
| Lost status | Source of classification or shelving scheme | Damaged status | Not for loan | Collection code | Permanent Location | Current Location | Shelving location | Date acquired | Source of acquisition | Cost, normal purchase price | Total Checkouts | Full call number | Date last seen | Copy number | Koha item type |
|---|---|---|---|---|---|---|---|---|---|---|---|---|---|---|---|
| Dewey Decimal Classification | Not For Loan | Non-fiction | Central Library, University of Rajshahi | Central Library, University of Rajshahi | Reading Room | 20/03/2022 | Bangla Academy | 50.00 | 491.375 BAP 1985 | 20/03/2022 | C-1 | Books |